1050 1264 1472 1039 1105 1510 1407 1590 1203 1568 1319 1981 1996 1759 1647 1002 1390 1842 1680 1141 1312 1820 1303 1070 1739 1733 1256 1153 1532 1071 1940 1877 1341 1191 1598 1806 1984 1630 1035 1793 1339 1833 1239 1847 1898 1951 1993 1166 1545 1354 1690 1053 1787 1960 1384 1596 1277 1318 1414 1288 1083 1149 1066 1409 1673 1754 1924 1035 1491 1532 1747 1599 1557 1541 1082 1284 1068 1242 1749 1745 1415 1785 1305 1049 1815 1672 1710 1586 1188 1238 1956 1438 1956 1158 1332 1125 1402 1086 1731 BCNSPRNW ULIB Ver.6.0+V

เปลี่ยนเป็นภาษาไทย

Change to English
 แสดงรายละเอียดบรรณานุกรม
  กลับหน้าหลัก

Brief Record : Get Marc (ISO 2709) : E-mail record : QR code < ปิดหน้าต่าง
LEADER : 00000nam 2200000uu 4500
001    13399123285
003     ULIB
008    140814s2557||||th 000 0 tha d
099    วจ.LB2324^bศ631ป
100 0  ศิริรัตน์ จำปีเรือง, รพีพรรณ วิบุูลย์วัฒนกิจ, เบญญาภา ภิภัชปวัน และวาสนา เรืองจุติโพธิ์พาน
245 00 ปัจจัยที่สัมพันธ์กับการมีส่วนร่วมของบุคลากรในการประกันคุณภาพการศึกษา/^cศิริรัตน์ จำปีเรือง, รพีพรรณ วิบุูลย์วัฒนกิจ, เบญญาภา ภิภัชปวัน และวาสนา เรืองจุติโพธิ์พาน
246 0  Factors correlated with personel participation in education quality assurance
260    นครสวรรค์:^cวิทยาลัยพยาบาลบรมราชชนนีสวรรค์ประชารักษ์ นครสวรรค์,^b2557
300    81 หน้า
650  0 การประกันคุณภาพการศึกษา^xวิจัย
710 1  วิทยาลัยพยาบาลบรมราชชนนีสวรรค์ประชารักษ์ นครสวรรค์
945    ^p0^l0^i034592
999    ^aเกษร โพธิ์สุวรรณ
รายการนี้ยังไม่มีแท็ก
คุณยังไม่ได้ล็อกอิน คุณสามารถมีกิจกรรมร่วมกับเว็บไซต์ได้ แต่ต้องล็อกอินก่อน ::
  ล็อกอิน

รายการสื่อสารสนเทศ

ลำดับที่ ประเภท เลขเรียก/บาร์โค้ด สถานที่ สถานะ
1. งานวิจัย
งานวิจัย
วจ.LB2324 ศ631ป ฉ.1 
  Barcode: 034592
ห้องสมุดวิทยาเขตสวรรค์ประชารักษ์
►วิจัย
บนชั้น

BibComment


ยังไม่เคยถูกคอมเมนท์

คอมเมนท์ทรัพยากรรายการนี้
  คอมเมนท์: ปัจจัยที่สัมพันธ์..


 Copyright 2026. Bcnsprnw @Library